<?xml version="1.0" encoding="UTF-8"?>
<marc:record xmlns:marc="http://www.loc.gov/MARC21/slim">
   <marc:leader>00000nam a2200000 a 4500</marc:leader>
   <marc:datafield ind1=" " ind2=" " tag="653">
      <marc:subfield code="a">DVD-Video</marc:subfield>
   </marc:datafield>
   <marc:datafield ind1=" " ind2=" " tag="653">
      <marc:subfield code="a">Comedy, Komödie, Slapstick, Satire, deutscher Unterhaltungsfilm (Spielfilme auf DVD)</marc:subfield>
   </marc:datafield>
   <marc:datafield ind1="0" ind2="0" tag="245">
      <marc:subfield code="a">Life of Crime</marc:subfield>
   </marc:datafield>
   <marc:datafield ind1=" " ind2="1" tag="264">
      <marc:subfield code="b">Constantin Film Verleih GmbH</marc:subfield>
      <marc:subfield code="c">2013</marc:subfield>
   </marc:datafield>
   <marc:datafield ind1="1" ind2=" " tag="520">
      <marc:subfield code="a">Darsteller: Jennifer Aniston, yaslin bey, Isla Fisher, Will Forte, Mark Boone jr., Tim Robbins, John Hawkes
Im Detroit des Jahres 1978 beschließen die nicht besonders hellen Gelegenheitskriminellen Ordell und Louis, ihren Kontostand zu verbessern, indem sie gegen ein siebenstelliges Lösegeld die Ehefrau des Immobilienmagnaten Dawson entführen. Dabei machen sie die Rechnung ohne den möglichen Umstand, dass Dawson seine Frau längst nicht mehr liebt. Während die Gauner ihre erfolglosen Erpressungsversuche starten, beginnt Louis sich in sein Opfer zu verlieben. Das wiederum macht gute Miene zu bösem Spiel und wartet auf seine Chance. </marc:subfield>
   </marc:datafield>
   <marc:datafield ind1="3" ind2=" " tag="024">
      <marc:subfield code="a">4011976888482</marc:subfield>
   </marc:datafield>
</marc:record>
